| 000 | 02085nam a2200541 i 4500 | ||
|---|---|---|---|
| 001 | 15313 | ||
| 003 | KOSZ 005 | ||
| 005 | 20200624115055.0 | ||
| 008 | 200409s1973 pl a f 000 0 pol | ||
| 015 | _aUWD 1973/3646 | ||
| 035 | _a991033364459705066 | ||
| 035 | _a(PL-WaBN)b18936106-48omnis_nlop | ||
| 035 | _ab18936106 | ||
| 035 | _a(OCoLC)839011691 | ||
| 035 | _a(PL)b0000001893610 | ||
| 035 | _a(EXLNZ-48OMNIS_NETWORK)9910243254805606 | ||
| 040 |
_aWA N _cWA N _dKOSZ 005/RW |
||
| 041 | 0 |
_apol _beng _brus |
|
| 046 | _k1973 | ||
| 080 | _a378.6:62]-047.74(438) | ||
| 245 | 0 | 0 |
_aUniwersytet techniczny : _bstudium prognostyczne / _c[redakcja naukowa Józef Wołoch]. |
| 260 |
_aWrocław : _bWydawnictwo Politechniki Wrocławskiej, _c1973. |
||
| 300 |
_a138 stron, [1] karta tablic : _bilustracje ; _c24 cm. |
||
| 336 |
_aTekst _btxt _2rdacontent |
||
| 337 |
_aBez urządzenia pośredniczącego _bn _2rdamedia |
||
| 338 |
_aWolumin _bnc _2rdacarrier |
||
| 380 | _aKsiążki | ||
| 380 | _aPublikacje naukowe | ||
| 388 | _a1901-2000 | ||
| 388 | _a1945-1989 | ||
| 490 | 1 |
_aPrace Naukowe Instytutu Nauk Społecznych Politechniki Wrocławskiej. Studia i Materiały, _x0324-9514 ; _vnr 5 |
|
| 500 | _aNumeracja serii głównej: nr 9. | ||
| 504 | _aBibliografia przy pracach. | ||
| 546 | _aStreszczenie w języku angielskim i rosyjskim. | ||
| 650 | 7 |
_aTechnika _2DBN |
|
| 650 | 7 | _aSzkolnictwo wyższe | |
| 650 | 7 | _aPrognozy | |
| 651 | 7 | _aPolska | |
| 655 | 7 | _aPraca zbiorowa | |
| 658 | _aEdukacja i pedagogika | ||
| 700 | 1 |
_aWołoch, Józef _d(1926-2013) _eRedakcja |
|
| 710 | 2 |
_aOficyna Wydawnicza Politechniki Wrocławskiej _4pbl |
|
| 830 | 0 |
_aPrace Naukowe Instytutu Nauk Społecznych Politechniki Wrocławskiej _v9 |
|
| 830 | 0 |
_aPrace Naukowe Instytutu Nauk Społecznych Politechniki Wrocławskiej. _pStudia i Materiały _vnr 5 |
|
| 856 |
_uhttp://koha.tu.koszalin.pl/cgi-bin/koha/opac-detail.pl?biblionumber=15313 _yKatalog online BPK |
||
| 942 |
_2UKD _cKS |
||
| 999 |
_c15313 _d15313 |
||